| 000 | 00556nam a22001937a 4500 | ||
|---|---|---|---|
| 005 | 20251108174709.0 | ||
| 008 | 250721s2006 xx 000 0 ara d | ||
| 082 | 1 | 4 | _a005.133/خير |
| 100 | 1 | _aخير، عامر محمد | |
| 245 | 1 | 0 | _aالبرمجة بلغة فيجوال بيسك / |
| 246 | 1 | 1 | _aVisual Basic |
| 264 | 1 |
_aعمان : _bدار عالم الثقافة، _c2006. |
|
| 300 | _a272ص. | ||
| 650 | 1 | 7 | _aالحواسيب |
| 650 | 1 | 7 | _aلغات البرمجه |
| 650 | 1 | 7 | _aبيسك المراي |
| 942 |
_2ddc _cBK |
||
| 999 |
_c115718 _d115718 |
||